Iron Man 2 (2010): Random Characters - Statistics

General Stats
  • This quiz has been taken 6 times
  • The average score is 4 of 18
Answer Stats
Hint Answer % Correct
Elon Musk Elon Musk
100%
Evgeniy Lazarev Anton Vanko
25%
Bill O'Reilly Bill O'Reilly
25%
Olivia Munn Chess Roberts
25%
Christiane Amanpour Christiane Amanpour
25%
Eric L. Haney General Meade
25%
Jack White Jack
25%
Larry Ellison Larry Ellison
25%
Tim Guinee Major Allen
25%
Max Favreau Peter Parker
25%
Helena Mattsson Rebecca
25%
Kate Mara U.S. Marshal
25%
DJ AM Adam Goldstein
0%
Margy Stein Bambi Arbogast
0%
John Ceallach Captain Anders
0%
Philippe Bergeron Detective Lemieux
0%
Stan Lee Larry King
0%
Anya Monzikova Rebeka
0%
No matching quizzes found
Score Distribution
Percent of People with Each Score
Percentile by Number Answered
Your Score History
You have not taken this quiz